000 00466cab a2200181 4500
001 X736
008 090401t xxu||||| |||| 00| 0 eng d
035 _a(Sirsi) u67270
041 _aeng
245 _aHouse price/earnings ration is a hopeful sign
350 _a0
490 _aCS Monthly
_bthe Building Surveyor
_v2(8) May 193, 5(1)
650 _aCHRISTOPHER JONAS
650 _aHOUSE PRICES
690 _aECONOMIC AND SOCIAL
942 _n0
948 _c04/03/1997
999 _c42098
_d42098